[Event "GRE-ch U14 Girls"]
[Site "Greece"]
[Date "2001.04.09"]
[Round "4"]
[White "Sklavou, Stella Anna"]
[Black "Mavroidi, Ourania"]
[Result "1-0"]
[WhiteElo "1390"]
[BlackElo "1340"]
[PlyCount "101"]
[EventDate "2001.04.??"]
[EventType "swiss"]
[EventRounds "7"]
[EventCountry "GRE"]
[SourceTitle "EXT 2003"]
[Source "ChessBase"]
[SourceDate "2002.11.25"]
[SourceVersion "1"]
[SourceVersionDate "2002.11.25"]
[SourceQuality "1"]

1. e4 e5 2. Nf3 Nc6 3. Bc4 Nf6 4. Nc3 Bc5 5. d3 h6 6. 0-0 0-0 7. h3 d6 8. Nh2 Nh7 9. Qf3 Nd4 10. Qg3 Qf6 11. Bb3 b5 12. Re1 c6 13. Ne2 Be6 14. Nxd4 Bxd4 15. c3 Bb6 16. Bd1 Qg6 17. Qxg6 fxg6 18. Be3 Bxe3 19. Rxe3 Rf7 20. Rf3 Rxf3 21. Bxf3 Ng5 22. a3 d5 23. exd5 cxd5 24. Re1 Rf8 25. Rxe5 Rd8 26. h4 Nxf3+ 27. Nxf3 Bf5 28. d4 Kf7 29. h5 Bd3 30. hxg6+ Bxg6 31. Kh2 Bh7 32. Nh4 Kf6 33. g4 g6 34. Kg3 a6 35. f4 g5 36. fxg5+ hxg5 37. Nf3 Be4 38. Nxg5 Rg8 39. Nxe4+ dxe4 40. Rxe4 Rg5 41. Kf4 Kg6 42. Re5 Rxe5 43. Kxe5 Kg5 44. Ke6 Kxg4 45. d5 Kg5 46. d6 Kg6 47. d7 Kg7 48. d8Q Kg6 49. Qf6+ Kh7 50. Kf7 a5 51. Qg7# 1-0